000 01702nam0a2200385 4500
001 RU\NLR\bibl\1757926
005 20260409075244.0
010 _a978-5-8188-0165-9
_9300
021 _aRU
_b2011-20833
_91463
035 _a(nilc)RSL-KNO-004919233
035 _a(NLR Aleph) 001748753
090 _a1505414
_c1505414
100 _a20110330d2010 |||y0rusy50 ca
101 0 _arus
102 _aRU
105 _aa |||||||||
200 1 _aПубличная власть в России: проблемы теории и практики
_eмонография
_fВоробьева О.А., Станкин А.Н.
_gпод общ. ред. д.ю.н., проф. Р.Л. Хачатурова
210 _aМосква
_cNota Bene
_d2010
215 _a192 с.
_cил.
_d21
320 _aБиблиогр. в подстроч. прим.
606 1 _aОрганы государственной власти
_yРоссийская Федерация
_92092576
_3RU\NLR\auth\661266442
606 _aОрганы местного самоуправления
_yРоссийская Федерация
_3RU\NLR\auth\661421900
_92383491
686 _aС556.511,0
_2rubbk
686 _aХ620.61
686 _aХ621.011.2
700 1 _4070
_8rus
_7ca
_aВоробьева
_bО. А.
_cканд. пед. наук, правоведение
_f1980-
_gОльга Александровна
_3RU\NLR\AUTH\77105563
_988488
701 1 _aСтанкин
_bА. Н.
_gАлексей Николаевич
_4070
801 0 _aRU
_bRuMoRKP
_c20110330
_grcr
801 1 _aRU
_bРГБ
_c20110330
801 2 _aRU
_bNLR
_c20110412
_grcr
830 _aавт. по кн.
942 _cBOOK
980 _aNB